000 00270nam a2200097Ia 4500
001 639932
005 20250826153437.0
008 250824s9999 xx 000 0 und d
245 0 _aMUTLULUK ÖYKÜLER ANTİK YENİ
_cGUY DE MAUPASSANT
260 _bANTİK DÜNYA KLASİKLERİ
999 _c639932
_d639932